000
00190 a2200097 4500
020
_a
0-9654921-2-5
041
_a
spa
100
_a
Marijo Moore
245
_a
Spirit voices of bones
942
_c
BK
999
_c
9253
_d
9253